Оценка прочности бетона в конструкциях при их возведении и эксплуатации; В мире неразрушающего контроля; № 2

Bibliografiska uppgifter
Parent link:В мире неразрушающего контроля: Ежеквартальное журнальное обозрение.— , 2001-.— 1609-3178
№ 2.— 2006.— С. 40-42
Huvudupphovsman: Коршунов Д. А.
Språk:ryska
Publicerad: 2006
Serie:НК в строительстве
Ämnen:
Materialtyp: Bokavsnitt
KOHA link:https://koha.lib.tpu.ru/cgi-bin/koha/opac-detail.pl?biblionumber=401990

MARC

LEADER 00000naa2a2200000 4500
001 401990
005 20231101065641.0
035 |a (RuTPU)RU\TPU\prd\46572 
090 |a 401990 
100 |a 20061005a2006 k y0rusy50 ca 
101 0 |a rus 
102 |a RU 
200 1 |a Оценка прочности бетона в конструкциях при их возведении и эксплуатации  |f Д. А. Коршунов 
225 1 |a НК в строительстве 
320 |a Библиогр.: 11 назв. 
461 0 |0 (RuTPU)RU\TPU\prd\1155  |x 1609-3178  |t В мире неразрушающего контроля  |o Ежеквартальное журнальное обозрение  |d 2001- 
463 0 |0 (RuTPU)RU\TPU\prd\45914  |t № 2  |v С. 40-42  |d 2006 
610 1 |a бетон 
610 1 |a прочность 
610 1 |a оценка 
610 1 |a несущие конструкции 
610 1 |a здания 
610 1 |a сжатие 
610 1 |a испытания 
610 1 |a неразрушающий контроль 
610 1 |a скалывание 
610 1 |a местное разрушение 
610 1 |a испытания без разрушения 
610 1 |a рекомендации 
700 1 |a Коршунов  |b Д. А. 
801 1 |a RU  |b 63413507  |c 20061005  |g PSBO 
942 |c BK